Country Flag Wall Quiz #5 - Statistics

General Stats
  • This quiz has been taken 23 times
  • The average score is 13 of 16
Answer Stats
Picture Answer % Correct
Iceland
100%
Jamaica
100%
Switzerland
100%
Bhutan
90%
Liechtenstein
80%
Namibia
80%
Niger
80%
Samoa
80%
Singapore
80%
Austria
70%
Azerbaijan
70%
Cameroon
70%
Guyana
70%
Haiti
70%
Mali
70%
Mauritania
70%
No matching quizzes found
Score Distribution
Percent of People with Each Score
Percentile by Number Answered
Your Score History
You have not taken this quiz